Normal view
MARC view
- Almond, Gabriel A, Powell, G.Bingham, Strom, Kaare
Entry Personal Name
001 - CONTROL NUMBER
- control field: 73885
003 - CONTROL NUMBER IDENTIFIER
- control field: NUST
005 - DATE AND TIME OF LATEST TRANSACTION
- control field: 20210628205110.0
008 - FIXED-LENGTH DATA ELEMENTS
- fixed length control field: 210628|| aca||aabn | a|a d
040 ## - CATALOGING SOURCE
- Original cataloging agency: NUST
- Transcribing agency: NUST
100 ## - HEADING--PERSONAL NAME
- Personal name: Almond, Gabriel A, Powell, G.Bingham, Strom, Kaare
670 ## - SOURCE DATA FOUND
- Source citation: Work cat.: (NUST): Almond, Gabriel A, Powell, G.Bingham, Strom, Kaare, Comparative politics today, a world view, 2007
